000 00691nam a2200289Ia 4500
005 20260324125032.0
008 008 260324s9999 xx 000 0 eng d
020 _a9780429479960
037 _aEBOOK
040 _aCRL
040 _beng
040 _cCRL
041 _2eng
041 _aeng
084 _qCRL
100 _aChristopher Clulow
_91176447
245 0 _aSex, Attachment and Couple Psychotherapy
245 0 _bPsychoanalytic Perspectives
260 _bTaylor and Francis
260 _c2009
365 _a
365 _b180
856 _uhttp://www.taylorfrancis.com/books/9780429479960
942 _cEBOOK
999 _c1771359
_d1771359